Finality of prophethood / (Record no. 25054)

MARC details
000 -LEADER
fixed length control field 00771cam a2200253 i 4500
001 - CONTROL NUMBER
control field 357352
003 - CONTROL NUMBER IDENTIFIER
control field BDDh-ASL
005 - DATE AND TIME OF LATEST TRANSACTION
control field 20231015030436.0
008 - FIXED-LENGTH DATA ELEMENTS--GENERAL INFORMATION
fixed length control field 770425s1975 pk b 000 0 eng
010 ## - LIBRARY OF CONGRESS CONTROL NUMBER
LC control number 76938538
020 ## - INTERNATIONAL STANDARD BOOK NUMBER
Terms of availability Rs6.50
040 ## - CATALOGING SOURCE
Original cataloging agency DLC
Transcribing agency DLC
Modifying agency DLC
-- BDDh-ASL
050 00 - LIBRARY OF CONGRESS CALL NUMBER
Classification number BP166.5
Item number .M36
082 00 - DEWEY DECIMAL CLASSIFICATION NUMBER
Classification number 297.63
Item number MAF
100 1# - MAIN ENTRY--PERSONAL NAME
Personal name Maudoodi, Syed Abul ʻAla,
Dates associated with a name 1903-1979.
245 10 - TITLE STATEMENT
Title Finality of prophethood /
Statement of responsibility, etc. S. Abul Aʻla Maududi.
250 ## - EDITION STATEMENT
Edition statement 1st ed.
260 ## - PUBLICATION, DISTRIBUTION, ETC.
Place of publication, distribution, etc. Lahore :
Name of publisher, distributor, etc. Islamic Publications,
Date of publication, distribution, etc. 1975.
300 ## - PHYSICAL DESCRIPTION
Extent viii, 71 p. :
Other physical details maps ;
Dimensions 18 cm.
600 00 - SUBJECT ADDED ENTRY--PERSONAL NAME
Personal name Muḥammad,
Titles and other words associated with a name Prophet,
Dates associated with a name -632
General subdivision Prophetic office.
650 #0 - SUBJECT ADDED ENTRY--TOPICAL TERM
Topical term or geographic name entry element Ahmadiyya
General subdivision Controversial literature.
906 ## - LOCAL DATA ELEMENT F, LDF (RLIN)
a 7
b cbc
c orignew
d 4
e ncip
f 19
g y-gencatlg
942 ## - ADDED ENTRY ELEMENTS (KOHA)
Source of classification or shelving scheme Dewey Decimal Classification
Koha item type Books
Holdings
Withdrawn status Lost status Source of classification or shelving scheme Damaged status Not for loan Collection code Home library Current library Shelving location Date acquired Source of acquisition Total Checkouts Full call number Barcode Date last seen Copy number Price effective from Koha item type
    Dewey Decimal Classification     Non-fiction Asiatic Society Library Asiatic Society Library General Stacks 06/20/2021 Donated by A. K. M. Azizul Haq and Prof. Husaiara Haq   297.63 MAF 109734 06/20/2021 C-1 06/20/2021 Books

Powered by Koha